| 000 | 00599nam a2200181Ia 4500 | ||
|---|---|---|---|
| 008 | 090124s9999 xx 000 0 und d | ||
| 082 | _b4684 | ||
| 100 | _aपाटील दिनकर द. | ||
| 245 | _a सुऱ्याचं चंादणं | ||
| 250 | _a0 | ||
| 260 |
_bमाय़बोली प्रकाशन _c1968 |
||
| 300 | _a152 | ||
| 600 | _aपाटील दिनकर द. | ||
| 630 | _a सुऱ्याचं चंादणं | ||
| 700 | _aपाटील दिनकर द. | ||
| 730 | _a सुऱ्याचं चंादणं | ||
| 942 | _cBOOK | ||
| 999 |
_c83725 _d83725 |
||